|
|
|
|
| LEADER |
01155pam a22002538a 4500 |
| 001 |
00045186 |
| 005 |
20191107101153.0 |
| 008 |
150423s2013 ||||||Viesd |
| 020 |
# |
# |
|c 40000
|a 9786045458129
|
| 041 |
0 |
# |
|a Vie
|
| 082 |
1 |
4 |
|b H561D
|a 372.83
|
| 100 |
# |
# |
|a Nguyễn, Thị Vân Hương
|
| 245 |
0 |
0 |
|a Hướng dẫn dạy học môn Đạo đức lớp 1 theo Chương trình giáo dục phổ thông mới
|c Nguyễn Thị Vân Hương
|
| 260 |
# |
# |
|a Hà Nội
|b Đại học sư phạm
|c 2019
|
| 300 |
# |
# |
|a 84 tr.
|c 24 cm.
|
| 653 |
# |
# |
|a Chương trình
|
| 653 |
# |
# |
|a Đạo đức
|
| 653 |
# |
# |
|a Giáo dục phổ thông mới
|
| 653 |
# |
# |
|a Giáo dục tiểu học
|
| 653 |
# |
# |
|a Giáo án
|
| 653 |
# |
# |
|a Lớp 1
|
| 852 |
# |
# |
|j KGT.0059682
|j KD.0026649
|j KGT.0058810
|j KGT.0058811
|j KGT.0058812
|j KGT.0058813
|j KGT.0058814
|j KGT.0058815
|j KGT.0058816
|j KGT.0058817
|j KGT.0058818
|j KGT.0058819
|j KGT.0058820
|j KGT.0058821
|j KGT.0058822
|j KGT.0058823
|j KGT.0058824
|j KGT.0058825
|j KGT.0059683
|j KGT.0059684
|
| 910 |
# |
# |
|d 7/11/2019
|
| 980 |
# |
# |
|a Trung tâm Học liệu Lê Vũ Hùng, Trường Đại học Đồng Tháp
|